| 000 | 00506nam a2200181Ia 4500 | ||
|---|---|---|---|
| 008 | 240729s9999 xx 000 0 und d | ||
| 022 | _a2411-3395 | ||
| 245 | 0 | _aIslamic Economic Studies | |
| 260 | _aUnited Kingdom | ||
| 260 | _bEmerald Publishing | ||
| 650 | _a Economic theory. Demography | ||
| 650 | _a Economics as a science | ||
| 650 | _a Islamic law | Social Sciences | ||
| 650 | _aLaw | ||
| 856 | _uhttps://doaj.org/toc/1e1d6b8c0f034c9cbfe20708d6810c85 | ||
| 942 | _2ddc | ||
| 942 | _cDOAJEJ | ||
| 999 |
_c66777 _d66777 |
||
| 945 |
_a1 _bMadushi Gamage _c1 _dMadushi Gamage |
||